Para comprender el ecumenismo
Guardat en:
| Autor principal: | |
|---|---|
| Format: | Llibre |
| Idioma: | espanyol |
| Publicat: |
Pamplona
Verbo Divino
1991
|
| Edició: | 1a. ed |
| Matèries: | |
| Etiquetes: |
Afegir etiqueta
Sense etiquetes, Sigues el primer a etiquetar aquest registre!
|
MARC
| LEADER | 00000cam a2200000 a 4500 | ||
|---|---|---|---|
| 001 | UCD1080 | ||
| 003 | CL-VaPUC | ||
| 008 | 160107e19910000sp |||||||||||||||||spa|d | ||
| 020 | |a 9788481693324 | ||
| 082 | 0 | 4 | |a 270.82 |b BOS |2 21 |
| 100 | 0 | |a Bosch Navarro, Juan |e author |9 584172 | |
| 245 | 1 | 0 | |a Para comprender el ecumenismo |
| 250 | |a 1a. ed | ||
| 300 | |a 235 p | ||
| 942 | |c BK | ||
| 945 | |d 20160107 17:52:00 |a dcastane | ||
| 260 | |a Pamplona |b Verbo Divino |c 1991 | ||
| 650 | 0 | |a Ecumenismo |9 255639 | |
| 650 | 0 | |a Iglesias |9 352850 | |
| 650 | 7 | |a CONFESIONES RELIGIOSAS |2 CL-VaPUC |9 258431 | |
| 583 | |a last modification |c 20160418 09:10:40 |k Rodrigo Vera | ||
| 999 | |c 362505 |d 362503 | ||
| 952 | |0 0 |1 0 |3 erb |4 0 |6 270_820000000000000_BOS_1991 |7 0 |8 A |9 473799 |a BIBTEO |b BIBTEO |i 5260035 |l 1 |o 270.82 BOS 1991 |p 5260035 |r 2025-01-17 |s 2023-04-10 |w 2019-11-24 |y BK |z Catalogado en:20160107 |k ICR | ||